MotoGP, Moto 2 and 3 Riders 2022 - Statistics

General Stats
  • This quiz has been taken 340 times
  • The average score is 82 of 211
Answer Stats
MotoGP % Correct
93 Marc Marquez
98%
Spain
94%
20 Fabio Quartararo
87%
44 Pol Espargaro
87%
France
86%
21 Franco Morbidelli
86%
Ducati Lenovo Team
85%
63 Francesco Bagnaia
85%
Italy
85%
Italy
85%
43 Jack Miller
85%
Monster Energy Yamaha MotoGP
85%
Australia
84%
33 Brad Binder
84%
Spain
84%
41 Aleix Espargaro
83%
12 Maverick Viñales
82%
Spain
82%
Spain
82%
88 Miguel Oliveira
81%
South Africa
81%
Aprilia Racing
80%
5 Johann Zarco
80%
89 Jorge Martin
80%
Portugal
80%
73 Alex Marquez
79%
France
79%
Italy
79%
36 Joan Mir
79%
10 Luca Marini
79%
72 Marco Bezzecchi
79%
Pramac Racing
79%
Spain
79%
Spain
79%
42 Alex Rins
78%
Italy
78%
Italy
78%
Repsol Honda Team
78%
Team Suzuki Ecstar
78%
23 Enea Bastianini
77%
Italy
77%
Spain
77%
Spain
77%
30 Takaaki Nakagami
77%
Japan
76%
49 Fabio Di Giannantonio
75%
Mooney VR46 Racing Team
74%
Gresini Racing MotoGP
73%
Italy
73%
04 Andrea Dovizioso
72%
25 Raul Fernandez
71%
Spain
70%
LCR Honda Castrol
69%
LCR Honda Idemitsu
69%
Red Bull KTM Factory Racing
68%
37 Augusto Fernandez
67%
Australia
66%
87 Remy Gardner
66%
Spain
66%
40 Darryn Binder
61%
51 Pedro Acosta
61%
South Africa
59%
Spain
58%
79 Ai Ogura
54%
Japan
51%
13 Celestino Vietti
49%
35 Somkiat Chantra
49%
Italy
47%
Tech 3 KTM Factory Racing
44%
WithU Yamaha RNF MotoGP Team
44%
Thailand
43%
28 Izan Guevara
42%
54 Fermin Aldeguer
41%
96 Jake Dixon
41%
11 Sergio Garcia
41%
Spain
41%
14 Tony Arbolino
41%
Italy
40%
Mooney VR46 Racing Team
40%
Spain
40%
Spain
39%
75 Albert Arenas
38%
21 Alonso Lopez
38%
96 Daniel Holgado
38%
Spain
38%
5 Jaume Masia
37%
28 Niccolo Antonelli
37%
Italy
36%
22 Sam Lowes
36%
Spain
36%
Spain
36%
7 Dennis Foggia
35%
Great Britain
35%
Red Bull KTM Ajo
35%
Spain
35%
40 Aron Canet
34%
Italy
34%
GasGas Aspar Team
33%
24 Tatsuki Suzuki
33%
Great Britain
32%
Japan
32%
Leopard Racing
32%
Spain
32%
53 Deniz Öncu
28%
Elf Marc VDS Racing Team
28%
GasGas Aspar Team
28%
Idemitsu Honda Team Asia
28%
71 Ayumu Sasaki
27%
Spain
27%
Speed Up Racing
27%
9 Jorge Navarro
26%
Spain
26%
Spain
25%
Turkey
25%
99 Carlos Tatay
24%
Japan
24%
17 John McPhee
24%
Red Bull KTM Ajo
24%
7 Barry Baltus
23%
12 Filip Salac
23%
52 Jeremy Alcoba
23%
16 Joe Roberts
23%
Spain
23%
43 Xavier Artigas
23%
Belgium
22%
6 Cameron Beaubier
21%
10 Diogo Moreira
21%
Great Britain
21%
Italy
21%
Spain
21%
31 Adrian Fernandez
20%
Italy
20%
19 Lorenzo Dalla Porta
20%
Netherlands
20%
Spain
20%
USA
20%
Brazil
19%
Gresini Racing Moto2
19%
54 Riccardo Rossi
19%
4 Sean Dylan Kelly
19%
Spain
19%
USA
19%
84 Zonta Van Den Goorbergh
19%
American Racing
18%
16 Andrea Migno
18%
64 Bo Bendsneyder
18%
44 David Muñoz
18%
Italtrans Racing Team
18%
Italy
18%
Italy
18%
20 Lorenzo Fellon
18%
23 Marcel Schrötter
18%
Spain
18%
USA
18%
Germany
17%
Italy
17%
Japan
17%
18 Manuel Gonzalez
17%
42 Marcos Ramirez
17%
64 Mario Aji
17%
6 Ryusei Yamanaka
17%
Spain
17%
72 Taiyo Furusato
17%
France
16%
Italy
16%
48 Ivan Ortola
16%
66 Joel Kelso
16%
Netherlands
16%
Spain
16%
61 Alessandro Zaccone
15%
Czech Republic
15%
Japan
15%
24 Simone Corsi
15%
82 Stefano Nepa
15%
22 Ana Carrasco
14%
Australia
14%
Italy
14%
27 Kaito Toba
14%
19 Scott Ogden
14%
Honda Team Asia
13%
Italy
13%
70 Joshua Whatley
13%
81 Keminth Kubo
13%
2 Gabriel Rodrigo
12%
Great Britain
12%
Indonesia
12%
Japan
12%
Sic58 Squadra Corse
12%
Sterligarda Husqvarna Max
12%
Argentina
11%
CFMoto Racing Prüstel GP
11%
CIP Green Power
11%
Great Britain
11%
Italy
11%
MV Agusta Forward Racing
11%
Pertamina Mandalika SAG Team
11%
Red Bull KTM Tech 3
11%
Thailand
11%
67 Alberto Surra
10%
18 Matteo Bertelle
10%
Rivacold Snipers Team
10%
RW Racing GP
10%
Boe SKX
9%
Yamaha VR46 Master Camp Team
9%
Angeluss MTA Team
8%
23 Elia Bartolini
8%
Liqui Moly Intact GP
8%
VisionTrack Racing Team
8%
Flexbox HP40
7%
MT Helmets — MSI
6%
QJmotor Avintia Racing Team
3%
No matching quizzes found
Score Distribution
Percent of People with Each Score
Percentile by Number Answered
Your Score History
You have not taken this quiz